| 000 | 01396nam0a22003131 4500 | ||
|---|---|---|---|
| 001 | rc\2223942 | ||
| 005 | 20201217120106.0 | ||
| 035 | _a(NLR Aleph) 006644396 | ||
| 090 |
_a4727858 _c4727858 |
||
| 100 | _a20110829d1979 |||y0rusy50 ca | ||
| 101 | 0 | _arus | |
| 102 | _aRU | ||
| 105 | _aa i ||||| | ||
| 200 | 1 |
_aСтатистические характеристики проявления эффекта суббурь в ночной среднеширотной области F2 _fО.К. Гордеев, Н.В. Коновалова, В.М. Новиков, М.Н. Фаткуллин |
|
| 210 |
_aМосква _cИЗМИРАН _d1979 |
||
| 215 |
_a21 с. _cил. _d21 |
||
| 225 | 1 |
_aПрепринт _fАН СССР, Ин-т зем. магнетизма, ионосферы и распространения радиоволн _v№ 17 (246) |
|
| 320 | _aБиблиогр.: с. 18-19 | ||
| 701 | 1 |
_aФаткуллин _bМ. Н. |
|
| 701 | 1 |
_aКоновалова _bН. В. |
|
| 701 | 1 |
_aГордеев _bО. К. _gОлег Константинович |
|
| 701 | 1 |
_aНовиков _bВ. М. _cканд. физ.-мат. наук, радиотехника _gВладимир Михайлович _3RU\NLR\AUTH\770224487 |
|
| 801 | 0 |
_aRU _bNLR _gpsbo |
|
| 801 | 1 |
_aRU _bELAR _2rusmarc |
|
| 852 |
_aNLR _j79-4/26339 |
||
| 899 |
_aRuMoRGB _jБр 167/55 |
||
| 942 | _cBOOK | ||
| 980 | _aNB | ||